Vplyv geometrie frézy na kvalitu povrchu tenkostennej súčiastky vyrobenej aditívnou výrobou

Salvato in:
Dettagli Bibliografici
Autore principale: Lesay, Adrián (Autore)
Altri autori: Buranský, Ivan (Relatore della tesi)
Natura: Manoscritto Libro
Lingua:slovacco
Pubblicazione: 2022
Soggetti:
Accesso online:http://is.stuba.sk/zp/portal_zp.pl?podrobnosti=164264
Tags: Aggiungi Tag
Nessun Tag, puoi essere il primo ad aggiungerne!!

MARC

LEADER 00000ntm a22000003a 4500
001 stuzp89470
003 SK-STU
005 20220611212419.3
007 ta
008 150427s2015----xo-----f-mn---000-0-slo-d
040 |a STU  |b slo 
041 0 |a slo 
100 1 |a Lesay, Adrián  |u 063000  |k Z4  |4 aut  |U MTF Materiálovotechnologická fakulta  |T MTF Ústav výrobných technológií  |X 93902  |U M3000  |Y 83  |7 93902 
242 0 1 |a Influence of cutter geometry on the surface quality of a thin-walled part produced by additive manufacturing  |y eng 
245 1 0 |a Vplyv geometrie frézy na kvalitu povrchu tenkostennej súčiastky vyrobenej aditívnou výrobou 
260 |c 2022 
650 4 |a tenkostenné súčiastky  |2 slo 
650 4 |a frézovanie  |2 slo 
650 4 |a návrh fréz  |2 slo 
650 4 |a vysokorýchlostné obrábanie  |2 slo 
650 4 |a thin-walled parts  |2 eng 
650 4 |a milling  |2 eng 
650 4 |a high-speed metalwork  |2 eng 
650 4 |a milling machine design  |2 eng 
700 1 |a Buranský, Ivan  |u 063000  |k Z1  |4 ths  |U MTF Materiálovotechnologická fakulta  |T MTF Ústav výrobných technológií  |X 4587  |U M3000  |Y 83  |7 A000004587 
856 4 |u http://is.stuba.sk/zp/portal_zp.pl?podrobnosti=164264 
996 |c M* DP-14953  |l MMSKP  |s P  |a 0  |w stuzp89470_0001